[Event "ZIMBABWE INTERNATIONAL CHESS OPEN 2016-MASTERS IM NORM SECTION"]
[Site "NEW AMBASSADOR HOTEL, Cnr Sam Nujoma Street, Kwameh Nkrumah Ave, Central Harare"]
[Date "2015.12.28"]
[Round "1"]
[Board "1"]
[White "Kayonde, Andrew"]
[Black "Masango, Spencer"]
[Result "1/2-1/2"]
[WhiteElo "2361"]
[BlackElo "2148"]
[PlyCount "88"]
[EventDate "2015.12.28"]
[EventRounds "9"]
[EventCountry "ZIM"]

1. d4 d5 2. Nf3 Bf5 3. c4 c6 4. Qb3 Qb6 5. Qxb6 axb6 6. cxd5 Bxb1 7. Rxb1 Rxa2
8. dxc6 bxc6 9. Bf4 Nd7 10. e3 e6 11. Bc4 Bb4+ 12. Ke2 Ra5 13. Ne1 Ngf6 14. Nd3
Be7 15. Ra1 O-O 16. Rxa5 bxa5 17. Ra1 Ra8 18. Bc7 a4 19. b4 Ne4 20. Nc5 Ra7 21.
Nxe4 Rxc7 22. Nc5 Nb6 23. Kd3 Ra7 24. f4 g6 25. Kc3 Kf8 26. Bb3 a3 27. Nd3 Bd6
28. Ne1 Ke7 29. Nc2 f6 30. Rxa3 Rxa3 31. Nxa3 e5 32. g3 exd4+ 33. exd4 g5 34.
fxg5 fxg5 35. Nc2 h5 36. Ne3 Kf6 37. Bd1 h4 38. gxh4 gxh4 39. Bf3 Kg5 40. Bxc6
Bxh2 41. b5 Bc7 42. Kd3 h3 43. Nc4 Nxc4 44. Kxc4 Bb6 1/2-1/2

[Event "ZIMBABWE INTERNATIONAL CHESS OPEN 2016-MASTERS IM NORM SECTION"]
[Site "NEW AMBASSADOR HOTEL, Cnr Sam Nujoma Street, Kwameh Nkrumah Ave, Central Harare"]
[Date "2015.12.28"]
[Round "1"]
[Board "4"]
[White "Munenga, Douglas"]
[Black "Chumfwa, Stanley"]
[Result "0-1"]
[WhiteElo "2117"]
[BlackElo "2307"]
[PlyCount "30"]
[EventDate "2015.12.28"]
[EventRounds "9"]
[EventCountry "ZIM"]

1. e4 c5 2. Nf3 d6 3. d4 cxd4 4. Nxd4 Nf6 5. Nc3 a6 6. Be2 e6 7. O-O Be7 8. a4
Nc6 9. Nb3 O-O 10. Be3 b6 11. f4 Bb7 12. Bf3 Qc7 13. g4 Rfe8 14. g5 Nd7 15. Qd2
a5 {notation unclear} 0-1

[Event "ZIMBABWE INTERNATIONAL CHESS OPEN 2016-MASTERS IM NORM SECTION"]
[Site "NEW AMBASSADOR HOTEL, Cnr Sam Nujoma Street, Kwameh Nkrumah Ave, Central Harare"]
[Date "2015.12.28"]
[Round "1"]
[Board "5"]
[White "Chumfwa, Kelvin"]
[Black "Kahoba, Lewis"]
[Result "0-1"]
[WhiteElo "2283"]
[BlackElo "2114"]
[PlyCount "99"]
[EventDate "2015.12.28"]
[EventRounds "9"]
[EventCountry "ZIM"]

1. d4 Nf6 2. Nf3 g6 3. c4 c5 4. Nc3 cxd4 5. Qxd4 Nc6 6. Qh4 d5 7. Bg5 Bg7 8.
Rd1 h6 9. cxd5 hxg5 10. Qa4 Nxd5 11. Nxd5 e6 12. Nc3 Qb6 13. Rd2 Qc5 14. Rc2
O-O 15. a3 Bd7 16. Ne4 Qd5 17. Nc3 Nd4 18. Qxd4 Qxd4 19. Nxd4 Bxd4 20. e3 Bg7
21. Bd3 Rac8 22. Kd2 Rfd8 23. Rhc1 Bc6 24. f3 Rd7 25. Ke2 Rcd8 26. Rd2 g4 27.
fxg4 Bxg2 28. Rcd1 Bc6 29. g5 Be5 30. h3 Kg7 31. Ne4 Rh8 32. Nf2 Bg3 33. Ne4
Rxh3 34. Nf6 Rd8 35. Rg1 Be5 36. Ng4 Bf3+ 37. Kf2 Bxg4 38. Rxg4 Rh2+ 39. Ke1
Rxd2 40. Kxd2 Bxb2 41. Rb4 Bxa3 42. Rxb7 Bc5 43. Ke2 Rh8 44. Bb5 Rh5 45. Be8
Rxg5 46. Rxf7+ Kg8 47. Rf6 Re5 48. Bf7+ Kg7 49. Rxe6 Rxe6 50. Bxe6 0-1

[Event "ZIMBABWE INTERNATIONAL CHESS OPEN 2016-MASTERS IM NORM SECTION"]
[Site "NEW AMBASSADOR HOTEL, Cnr Sam Nujoma Street, Kwameh Nkrumah Ave, Central Harare"]
[Date "2015.12.28"]
[Round "1"]
[Board "6"]
[White "Sibanda, Kudakwashe"]
[Black "Phiri, Richmond"]
[Result "0-1"]
[WhiteElo "2107"]
[BlackElo "2249"]
[PlyCount "96"]
[EventDate "2015.12.28"]
[EventRounds "9"]
[EventCountry "ZIM"]

1. d4 Nf6 2. Nf3 e6 3. c4 b6 4. Bg5 Bb7 5. e3 Be7 6. Nc3 d6 7. Be2 Nbd7 8. Qc2
c5 9. O-O O-O 10. Rfd1 a6 11. h3 Rc8 12. a4 Qc7 13. Bf4 cxd4 14. exd4 Rfe8 15.
Bh2 e5 16. b4 Bf8 17. d5 a5 18. Rab1 Ba6 19. Nd2 g6 20. Qb3 Bh6 21. bxa5 bxa5
22. Nb5 Bxb5 23. axb5 Qb6 24. Qa3 Bxd2 25. Rxd2 Ne4 26. Ra2 Nxf2 27. Kf1 Ne4
28. Bg1 Ndc5 29. Qf3 Qd8 30. Be3 f5 31. Ra3 f4 32. Bc1 Qb6 33. Ke1 Ng3 34. Qf2
Nxe2 35. Kxe2 Qb7 36. Qf3 Rf8 37. Rxa5 e4 38. Qc3 f3+ 39. Kf1 fxg2+ 40. Kxg2
Rf3 41. Be3 Qd7 42. Rh1 Qf5 43. Ra7 Nd7 44. b6 Rf8 45. Qd4 Rf1 46. Rg1 Rxg1+
47. Bxg1 Qf1+ 48. Kh2 Rf3 0-1

[Event "ZIMBABWE INTERNATIONAL CHESS OPEN 2016-MASTERS IM NORM SECTION"]
[Site "NEW AMBASSADOR HOTEL, Cnr Sam Nujoma Street, Kwameh Nkrumah Ave, Central Harare"]
[Date "2015.12.28"]
[Round "1"]
[Board "7"]
[White "Mushore, Emarald"]
[Black "Moyo , Dion James"]
[Result "0-1"]
[WhiteElo "2201"]
[BlackElo "2083"]
[PlyCount "176"]
[EventDate "2015.12.28"]
[EventRounds "9"]
[EventCountry "ZIM"]

1. e4 c5 2. Nf3 Nc6 3. Nc3 e5 4. Bc4 Be7 5. d3 Nf6 6. O-O O-O 7. Nd5 d6 8. c3
Bg4 9. h3 Bh5 10. g4 Bg6 11. Nh4 Rb8 12. Nxg6 hxg6 13. Qe2 Na5 14. Rd1 Nxd5 15.
Bxd5 Bf6 16. f4 exf4 17. Bxf4 Nc6 18. Rf1 Ne7 19. Bb3 g5 20. Bg3 Ng6 21. Rf3
Be5 22. Raf1 Bxg3 23. Rxg3 b5 24. Qf2 Kh8 25. Qe3 f6 26. Rf2 Nh4 27. Bd5 b4 28.
cxb4 Rxb4 29. a3 Rb6 30. d4 cxd4 31. Qxd4 Qb8 32. b4 Qe8 33. Rc3 Qd7 34. Rfc2
Rbb8 35. Bc6 Qe7 36. Rd2 Rfd8 37. Kf2 Rbc8 38. b5 Qc7 39. Qd5 Qb6+ 40. Kf1 Qc7
41. Rdd3 Qe7 42. a4 Ng6 43. Re3 Nf4 44. Qd4 Ne6 45. Qd2 Nc5 46. Qd4 a6 47. Kg2
Ne6 48. Qd1 axb5 49. axb5 Qa7 50. Qh1 Nf4+ 51. Kg3 Ng6 52. Qb1 Qd4 53. Kf3 Qd2
54. Qc2 Nh4+ 55. Kg3 Qd4 56. Kf2 Rf8 57. Ke1 Rc7 58. Qd2 Qb6 59. Qxd6 Rcc8 60.
Ke2 Rcd8 61. Qc5 Qa5 62. b6 Qa2+ 63. Rc2 Qa1 64. Rc1 Qb2+ 65. Rc2 Qb1 66. Bd5
Ng2 67. Rc1 Qb2+ 68. Rc2 Qa1 69. Rb3 Qe1+ 70. Kd3 Nf4+ 71. Kc4 Nxd5 72. exd5
Qe4+ 73. Kc3 Rc8 74. Kb2 Rxc5 75. Rxc5 Qd4+ 76. Rcc3 Qxd5 77. b7 Qe5 78. Ka2
Rb8 79. Rc8+ Kh7 80. Rxb8 Qxb8 81. Rb5 g6 82. Ka3 Kh6 83. Ka4 Qa7+ 84. Kb4 Qb8
85. Ka5 f5 86. Ka6 f4 87. Rb2 Qd6+ 88. Ka7 Qa3+ 0-1

[Event "ZIMBABWE INTERNATIONAL CHESS OPEN 2016-MASTERS IM NORM SECTION"]
[Site "NEW AMBASSADOR HOTEL, Cnr Sam Nujoma Street, Kwameh Nkrumah Ave, Central Harare"]
[Date "2015.12.28"]
[Round "1"]
[Board "9"]
[White "Chimbamu, Elisha"]
[Black "Abrantes, Persson"]
[Result "1-0"]
[WhiteElo "2157"]
[BlackElo "2051"]
[PlyCount "43"]
[EventDate "2015.12.28"]
[EventRounds "9"]
[EventCountry "ZIM"]

1. Nf3 Nf6 2. d4 d6 3. g3 c6 4. Bg2 g6 5. O-O Bg4 6. h3 Bf5 7. c4 h5 8. Nc3 Qc8
9. Kh2 Na6 10. Nh4 Bd7 11. e4 e5 12. f4 exf4 13. Bxf4 Nh7 14. e5 g5 15. Qxh5
gxf4 16. Rxf4 Kd8 17. Rxf7 Be8 18. Rxf8 Rxf8 19. Qxh7 Qd7 20. Qh6 Rg8 21. exd6
Qg7 22. Qd2 {notation unclear} 1-0

[Event "ZIMBABWE INTERNATIONAL CHESS OPEN 2016-MASTERS IM NORM SECTION"]
[Site "NEW AMBASSADOR HOTEL, Cnr Sam Nujoma Street, Kwameh Nkrumah Ave, Central Harare"]
[Date "2015.12.28"]
[Round "2"]
[Board "1"]
[White "Bwalya, Gillan"]
[Black "Kaulule Siame, Kela"]
[Result "1-0"]
[WhiteElo "2313"]
[BlackElo "2159"]
[PlyCount "77"]
[EventDate "2015.12.28"]
[EventRounds "9"]
[EventCountry "ZIM"]

1. e4 b6 2. c4 Bb7 3. Nc3 c5 4. Nf3 Nf6 5. e5 Ne4 6. Nb1 b5 7. d3 Qa5+ 8. Ke2
bxc4 9. dxe4 Bxe4 10. Nc3 Bc6 11. Ke1 Qb4 12. a3 Qb7 13. Bxc4 e6 14. h4 Be7 15.
Rh3 f6 16. Qe2 Bxf3 17. Rxf3 Nc6 18. Rg3 O-O 19. exf6 Bxf6 20. Bd3 Ne5 21. Bc2
d5 22. Bg5 Qf7 23. Bxf6 Qxf6 24. Re3 Nc4 25. Rxe6 Qxh4 26. Nxd5 Rae8 27. Bf5
Kh8 28. Rd1 Nd6 29. Bh3 Ne4 30. Rxe8 Rxe8 31. Rd3 Re5 32. Re3 g6 33. Nc3 Nxc3
34. bxc3 Rxe3 35. Qxe3 Kg7 36. Qe5+ Kh6 37. Qxc5 Qf6 38. Qe3+ g5 39. Qe6 1-0

[Event "ZIMBABWE INTERNATIONAL CHESS OPEN 2016-MASTERS IM NORM SECTION"]
[Site "NEW AMBASSADOR HOTEL, Cnr Sam Nujoma Street, Kwameh Nkrumah Ave, Central Harare"]
[Date "2015.12.28"]
[Round "2"]
[Board "2"]
[White "Kahoba, Lewis"]
[Black "Oatlhotse, Providence"]
[Result "1/2-1/2"]
[WhiteElo "2114"]
[BlackElo "2309"]
[PlyCount "122"]
[EventDate "2015.12.28"]
[EventRounds "9"]
[EventCountry "ZIM"]

1. c4 Nf6 2. Nc3 c6 3. e4 d5 4. cxd5 cxd5 5. e5 d4 6. exf6 dxc3 7. dxc3 Qxd1+
8. Kxd1 exf6 9. Be3 Nc6 10. Bd3 Bg4+ 11. f3 O-O-O 12. Kc2 Be6 13. f4 Bd5 14.
Nf3 Bxf3 15. gxf3 Bd6 16. Be4 Kc7 17. Rad1 Rhe8 18. Rhe1 g6 19. h3 Re7 20. b4
b6 21. Re2 f5 22. Bd3 Rde8 23. Rde1 Kb7 24. a3 a6 25. a4 Nd8 26. Bc4 h5 27. Bd2
Rxe2 28. Rxe2 Rxe2 29. Bxe2 a5 30. Bc4 Kc6 31. Kd3 Bc7 32. Kd4 Kd6 33. Bd5 f6
34. Kc4 h4 35. Be3 Nc6 36. b5 Nd8 37. Kd4 Ne6+ 38. Bxe6 Kxe6 39. Kd3 Kd6 40. c4
Bd8 41. Bc1 g5 42. Kd4 g4 43. Ba3+ Kd7 44. fxg4 fxg4 45. Ke3 gxh3 46. Kf3 Be7
47. Bb2 Ke6 48. Bd4 Bd8 49. Bf2 Kf5 50. c5 Bc7 51. cxb6 Bxf4 52. b7 Bb8 53. Bb6
h2 54. Kg2 Ke4 55. Bxa5 Kd5 56. Bd8 f5 57. a5 h3+ 58. Kh1 f4 59. a6 Kc5 60.
Kxh2 f3+ 61. Kxh3 Kxb5 1/2-1/2

[Event "ZIMBABWE INTERNATIONAL CHESS OPEN 2016-MASTERS IM NORM SECTION"]
[Site "NEW AMBASSADOR HOTEL, Cnr Sam Nujoma Street, Kwameh Nkrumah Ave, Central Harare"]
[Date "2015.12.28"]
[Round "2"]
[Board "3"]
[White "Chumfwa, Stanley"]
[Black "Chimbamu, Elisha"]
[Result "0-1"]
[WhiteElo "2307"]
[BlackElo "2157"]
[PlyCount "100"]
[EventDate "2015.12.28"]
[EventRounds "9"]
[EventCountry "ZIM"]

1. e4 d6 2. d4 Nf6 3. Nc3 g6 4. Be3 Bg7 5. Qd2 Ng4 6. Bg5 c6 7. h3 Nf6 8. Nf3
Qa5 9. Bd3 O-O 10. O-O Nbd7 11. Bh6 e5 12. Bxg7 Kxg7 13. Rfe1 Re8 14. a3 Qc7
15. Rad1 a5 16. dxe5 dxe5 17. Ne2 Nc5 18. Ng3 a4 19. Bf1 Qa5 20. Qc1 h6 21. Rd6
Re6 22. Rd2 Re8 23. Rd6 Re6 24. Qd1 Qc7 25. Rd2 Qb6 26. Bc4 Re8 27. c3 Qc7 28.
Qe2 Be6 29. Bxe6 Rxe6 30. Qe3 b6 31. Nh4 Kh7 32. Nf3 Rd8 33. Red1 Rxd2 34. Rxd2
Rd6 35. Kf1 Nfd7 36. Ne1 Nb3 37. Rxd6 Qxd6 38. Qd3 Qe6 39. Nc2 Qc4 40. Qxc4
Nd2+ 41. Ke2 Nxc4 42. Nb4 Nxb2 43. Nxc6 Nc4 44. Nf1 Nxa3 45. Nd2 f6 46. f3 Kg7
47. Kd1 Nc5 48. Nb4 Nb5 49. Kc2 Kf7 50. Nc4 Nd7 0-1

[Event "ZIMBABWE INTERNATIONAL CHESS OPEN 2016-MASTERS IM NORM SECTION"]
[Site "NEW AMBASSADOR HOTEL, Cnr Sam Nujoma Street, Kwameh Nkrumah Ave, Central Harare"]
[Date "2015.12.28"]
[Round "2"]
[Board "4"]
[White "Phiri, Richmond"]
[Black "Moyo , Dion James"]
[Result "1/2-1/2"]
[WhiteElo "2249"]
[BlackElo "2083"]
[PlyCount "137"]
[EventDate "2015.12.28"]
[EventRounds "9"]
[EventCountry "ZIM"]

1. d4 Nf6 2. Nf3 g6 3. c4 Bg7 4. Nc3 O-O 5. e4 d6 6. Be2 e5 7. d5 c6 8. O-O c5
9. a3 Nh5 10. g3 f5 11. Ng5 Nf6 12. Bf3 Kh8 13. Rb1 f4 14. b4 b6 15. bxc5 bxc5
16. Nb5 a6 17. Na7 Rxa7 18. Rxb8 Qc7 19. Qb3 Nd7 20. Rxc8 Qxc8 21. Bg4 Qb7 22.
Qd3 Nf6 23. Be6 h6 24. Nh3 g5 25. gxf4 exf4 26. Bxf4 Ne8 27. Bd2 Bd4 28. Kh1
Qg7 29. f4 g4 30. Ng1 Rb7 31. Ne2 Nc7 32. Nxd4 cxd4 33. Bf5 Rfb8 34. e5 Rb3 35.
Qxd4 Rf3 36. Rg1 dxe5 37. Qe4 exf4 38. Bxg4 Rxa3 39. Bxf4 Re8 40. Be6 Ra1 41.
Bc1 Nxe6 42. dxe6 Qf6 43. c5 Rxc1 44. Rxc1 Qxe6 45. Qd4+ Qe5 46. Qxe5+ Rxe5 47.
Kg2 Kg8 48. Kf3 Kf8 49. Kf4 Re8 50. Ra1 Rc8 51. Ra5 Rc6 52. Ke5 Ke7 53. Kd5 Kd7
54. Ra1 Rg6 55. h4 Rf6 56. Ke5 Re6+ 57. Kf5 Rc6 58. Ra5 Re6 59. h5 Rc6 60. Ke5
Re6+ 61. Kd4 Rf6 62. Ke4 Re6+ 63. Kd3 Rf6 64. Kd4 Kc7 65. Ra1 Rf5 66. Rxa6 Rxh5
67. Kc4 Rh1 68. Ra7+ Kc6 69. Ra6+ 1/2-1/2

[Event "ZIMBABWE INTERNATIONAL CHESS OPEN 2016-MASTERS IM NORM SECTION"]
[Site "NEW AMBASSADOR HOTEL, Cnr Sam Nujoma Street, Kwameh Nkrumah Ave, Central Harare"]
[Date "2015.12.28"]
[Round "2"]
[Board "5"]
[White "Dimba, James"]
[Black "Kayonde, Andrew"]
[Result "0-1"]
[WhiteElo "2083"]
[BlackElo "2361"]
[PlyCount "130"]
[EventDate "2015.12.28"]
[EventRounds "9"]
[EventCountry "ZIM"]

1. e4 c6 2. d4 d5 3. Nd2 dxe4 4. Nxe4 Nd7 5. Ng5 Ngf6 6. Bd3 e6 7. N1f3 Bd6 8.
Qe2 h6 9. Ne4 Nxe4 10. Qxe4 Nf6 11. Qe2 b6 12. Bd2 Bb7 13. O-O-O Qc7 14. Kb1
O-O-O 15. c4 c5 16. Bc3 Rhe8 17. dxc5 Qxc5 18. Nd4 Qe5 19. Qc2 Ne4 20. f3 Nxc3+
21. Qxc3 Qg5 22. Qc2 Be5 23. Nb5 Bb8 24. Be4 Rxd1+ 25. Rxd1 Bxe4 26. Qxe4 Qf5
27. h3 Qxe4+ 28. fxe4 a6 29. Nc3 Kc7 30. Kc2 Kc6 31. Ne2 Be5 32. Nc1 Bc7 33. b4
f5 34. Re1 f4 35. Nd3 Rf8 36. Rf1 Rf6 37. a4 Rg6 38. b5+ axb5 39. axb5+ Kd7 40.
Rf2 Rg3 41. Rd2 Ke7 42. c5 bxc5 43. Nxc5 Ba5 44. Rd7+ Ke8 45. Rd3 Rxg2+ 46. Kb3
Rg3 47. Kc4 f3 48. Rd1 f2 49. Nd3 Bb6 50. Rf1 Rxh3 51. Nxf2 Rf3 52. Rg1 Kf8 53.
Rg6 Kf7 54. Ng4 Bc7 55. b6 Bb8 56. Nh2 Bxh2 57. Rg2 Be5 58. b7 Rc3+ 59. Kb5
Rb3+ 60. Kc6 g5 61. Rg1 Kg6 62. Kd7 Rxb7+ 63. Kxe6 Bf6 64. Rf1 Re7+ 65. Kd5
Re5+ 0-1

[Event "ZIMBABWE INTERNATIONAL CHESS OPEN 2016-MASTERS IM NORM SECTION"]
[Site "NEW AMBASSADOR HOTEL, Cnr Sam Nujoma Street, Kwameh Nkrumah Ave, Central Harare"]
[Date "2015.12.28"]
[Round "2"]
[Board "6"]
[White "Masango, Spencer"]
[Black "Janyure, Farai"]
[Result "1-0"]
[WhiteElo "2148"]
[BlackElo "2020"]
[PlyCount "111"]
[EventDate "2015.12.28"]
[EventRounds "9"]
[EventCountry "ZIM"]

1. d4 Nf6 2. c4 e6 3. Nf3 b6 4. g3 Bb7 5. Bg2 d5 6. cxd5 exd5 7. O-O Bd6 8. Nc3
O-O 9. Bg5 h6 10. Bxf6 Qxf6 11. Nb5 c6 12. Nxd6 Qxd6 13. Ne5 Nd7 14. Nxd7 Qxd7
15. Qd2 Rfe8 16. Rfc1 Rac8 17. Rc3 Ba6 18. e3 Rc7 19. Rac1 h5 20. Qd1 g6 21.
Qc2 Bb7 22. Qa4 a5 23. Qb3 b5 24. a4 Ba6 25. Bxd5 bxa4 26. Qb6 Bb5 27. Bxc6
Bxc6 28. Rxc6 Rb7 29. Qxa5 Rxb2 30. Qxa4 Qf5 31. R6c2 Reb8 32. Rxb2 Rxb2 33.
Qa8+ Kg7 34. Qg2 Qg5 35. h3 h4 36. gxh4 Qxh4 37. Qg3 Qf6 38. Qe5 Rxf2 39. Qxf6+
Rxf6 40. Kg2 Kf8 41. Rf1 Re6 42. Kf3 f5 43. Ke2 Re4 44. Rf4 Re8 45. h4 Kg7 46.
h5 Rf8 47. hxg6 Kxg6 48. e4 Re8 49. Ke3 fxe4 50. Rxe4 Kf7 51. Rxe8 Kxe8 52. Ke4
Kd8 53. Ke5 Ke7 54. Kd5 Kd7 55. Ke5 Ke8 56. Kd6 1-0

[Event "ZIMBABWE INTERNATIONAL CHESS OPEN 2016-MASTERS IM NORM SECTION"]
[Site "NEW AMBASSADOR HOTEL, Cnr Sam Nujoma Street, Kwameh Nkrumah Ave, Central Harare"]
[Date "2015.12.28"]
[Round "2"]
[Board "7"]
[White "Munenga, Douglas"]
[Black "Chumfwa, Kelvin"]
[Result "0-1"]
[WhiteElo "2117"]
[BlackElo "2283"]
[PlyCount "101"]
[EventDate "2015.12.28"]
[EventRounds "9"]
[EventCountry "ZIM"]

1. e4 c5 2. Nf3 d6 3. d4 cxd4 4. Nxd4 Nf6 5. Nc3 a6 6. Bg5 e6 7. f4 Be7 8. Qf3
Nbd7 9. O-O-O h6 10. Qh3 Qc7 11. g4 Nc5 12. Bg2 Bd7 13. f5 O-O-O 14. Be3 e5 15.
Nb3 Na4 16. Nd5 Nxd5 17. Rxd5 Kb8 18. Kb1 Rc8 19. Rc1 Qc4 20. Qf3 Qc7 21. Qf2
Bg5 22. Rd2 Bb5 23. h4 Bxe3 24. Qxe3 Rhd8 25. f6 gxf6 26. Qxh6 Bc4 27. Qe3 Be6
28. Bf3 Nb6 29. Qh6 Qe7 30. Na5 Rh8 31. Qe3 Rc5 32. h5 Qc7 33. Qa3 Ka7 34. Rh2
d5 35. exd5 Bxd5 36. Bxd5 Rxd5 37. c4 Rd4 38. c5 Nd5 39. c6 b6 40. Nb3 Rxg4 41.
Rd2 Rd8 42. Nc5 bxc5 43. Qxc5+ Nb6 44. Rxd8 Qxd8 45. c7 Qc8 46. h6 Rh4 47. Qf2
Rxh6 48. Rc6 Ka8 49. Rxb6 Rh1+ 50. Kc2 Qxc7+ 51. Kb3 0-1

[Event "ZIMBABWE INTERNATIONAL CHESS OPEN 2016-MASTERS IM NORM SECTION"]
[Site "NEW AMBASSADOR HOTEL, Cnr Sam Nujoma Street, Kwameh Nkrumah Ave, Central Harare"]
[Date "2015.12.28"]
[Round "2"]
[Board "8"]
[White "Sibanda, Kudakwashe"]
[Black "Mushore, Emarald"]
[Result "1-0"]
[WhiteElo "2107"]
[BlackElo "2201"]
[PlyCount "61"]
[EventDate "2015.12.28"]
[EventRounds "9"]
[EventCountry "ZIM"]

1. d4 Nf6 2. Nf3 g6 3. c4 Bg7 4. Nc3 O-O 5. e4 d6 6. Be2 e5 7. O-O Nc6 8. d5
Ne7 9. b4 a5 10. Ba3 Re8 11. c5 axb4 12. Bxb4 Rf8 13. cxd6 cxd6 14. Nd2 Ne8 15.
Nc4 f5 16. f3 Rf6 17. Qb3 Kh8 18. Nb5 Ra6 19. a4 Bd7 20. Rfb1 Qa8 21. Ra3 fxe4
22. fxe4 Nc8 23. Bd2 Rf7 24. Be3 b6 25. Nc3 Bxa4 26. Rxa4 Nc7 27. Rxa6 Nxa6 28.
Qa4 Kg8 29. Qe8+ Bf8 30. Nxd6 Nxd6 31. Qxa8 1-0

[Event "ZIMBABWE INTERNATIONAL CHESS OPEN 2016-MASTERS IM NORM SECTION"]
[Site "NEW AMBASSADOR HOTEL, Cnr Sam Nujoma Street, Kwameh Nkrumah Ave, Central Harare"]
[Date "2015.12.28"]
[Round "2"]
[Board "9"]
[White "Abrantes, Persson"]
[Black "Phiri, Gondwin"]
[Result "1/2-1/2"]
[WhiteElo "2051"]
[BlackElo "2146"]
[PlyCount "110"]
[EventDate "2015.12.28"]
[EventRounds "9"]
[EventCountry "ZIM"]

1. e4 d5 2. exd5 Qxd5 3. Nc3 Qd8 4. Bc4 Nf6 5. Nf3 e6 6. O-O Be7 7. d4 O-O 8.
Ne2 b6 9. Nf4 Ba6 10. Qe2 Bxc4 11. Qxc4 c5 12. Re1 Bd6 13. Ne5 Qc7 14. c3 cxd4
15. Qxd4 Rd8 16. g3 Nc6 17. Nxc6 Qxc6 18. Qe3 Rd7 19. Qe2 Rad8 20. Ng2 h6 21.
Be3 Bc5 22. Bxc5 Rd2 23. Rad1 Rxe2 24. Rxd8+ Kh7 25. Rxe2 Qxc5 26. Red2 Ne4 27.
R2d4 Qf5 28. f4 Nf6 29. Rd1 Qc5+ 30. R8d4 g6 31. h3 Qh5 32. h4 Kg7 33. R1d2 Qg4
34. Kf2 Qf5 35. Re2 Qb1 36. Ne3 Qh1 37. Nf1 b5 38. a4 a6 39. axb5 axb5 40. b3
Qc6 41. c4 bxc4 42. bxc4 Qc5 43. Ke3 e5 44. fxe5 Ng4+ 45. Kd3 Nxe5+ 46. Rxe5
Qxe5 47. g4 Qf6 48. Ne3 Qxh4 49. c5 Qf6 50. Rc4 Qc6 51. Nc2 f5 52. gxf5 gxf5
53. Nd4 Qe4+ 54. Kc3 Qe1+ 55. Kb3 Qb1+ 1/2-1/2

[Event "ZIMBABWE INTERNATIONAL CHESS OPEN 2016-MASTERS IM NORM SECTION"]
[Site "NEW AMBASSADOR HOTEL, Cnr Sam Nujoma Street, Kwameh Nkrumah Ave, Central Harare"]
[Date "2015.12.29"]
[Round "3"]
[Board "2"]
[White "Kayonde, Andrew"]
[Black "Kahoba, Lewis"]
[Result "1-0"]
[WhiteElo "2361"]
[BlackElo "2114"]
[PlyCount "85"]
[EventDate "2015.12.28"]
[EventRounds "9"]
[EventCountry "ZIM"]

1. d4 Nf6 2. Nf3 g6 3. Nbd2 Bg7 4. e4 d6 5. Bd3 c5 6. dxc5 dxc5 7. O-O O-O 8.
Qe2 Nc6 9. c3 Qc7 10. Re1 Rd8 11. Bc4 e6 12. Nf1 b6 13. Bg5 Rd7 14. e5 Ne8 15.
h4 h6 16. Bf4 Bb7 17. Rad1 Rad8 18. Rxd7 Qxd7 19. Ne3 Ne7 20. Rd1 Qc7 21. Bb5
Nc6 22. Ng4 Kh7 23. Rxd8 Qxd8 24. h5 Nc7 25. Bd3 Nd5 26. Bc1 Nce7 27. Qd2 Qf8
28. Be4 Ba6 29. b3 f5 30. exf6 Nxf6 31. Nxf6+ Qxf6 32. Qd7 Nf5 33. hxg6+ Qxg6
34. Nh4 Qf6 35. Nxf5 Kh8 36. Bf4 Bb5 37. Qc8+ Qf8 38. Qxe6 Qf6 39. Qxf6 Bxf6
40. c4 Be8 41. Bxh6 Bd4 42. Be3 Bxe3 43. fxe3 1-0

[Event "ZIMBABWE INTERNATIONAL CHESS OPEN 2016-MASTERS IM NORM SECTION"]
[Site "NEW AMBASSADOR HOTEL, Cnr Sam Nujoma Street, Kwameh Nkrumah Ave, Central Harare"]
[Date "2015.12.29"]
[Round "3"]
[Board "5"]
[White "Kaulule Siame, Kela"]
[Black "Chumfwa, Stanley"]
[Result "0-1"]
[WhiteElo "2159"]
[BlackElo "2307"]
[PlyCount "91"]
[EventDate "2015.12.28"]
[EventRounds "9"]
[EventCountry "ZIM"]

1. d4 d5 2. Bg5 f6 3. Bd2 c5 4. e4 cxd4 5. Qh5+ g6 6. Bb5+ Bd7 7. Qxd5 Bxb5 8.
Qxb5+ Qd7 9. Na3 e5 10. Qb3 Qc6 11. f3 Nd7 12. Nh3 a6 13. Bb4 Bxb4+ 14. Qxb4
Ne7 15. O-O b5 16. Nf2 Qe6 17. Qd2 O-O 18. c3 dxc3 19. Qxc3 Rac8 20. Qa5 Nc5
21. Rfd1 Nc6 22. Qe1 Nd4 23. b3 Qe7 24. Rdc1 Nce6 25. Rxc8 Rxc8 26. Qa5 Rc6 27.
Nd3 Qd6 28. Rd1 Ne2+ 29. Kf1 Nc3 30. Rd2 Nf4 31. Nc2 Nb1 32. Nce1 Nxd2+ 33.
Qxd2 Qd4 34. Qb4 Nxd3 35. Qxd4 exd4 36. Nxd3 a5 37. Ne1 Rc1 38. Ke2 Ra1 39. a4
bxa4 40. bxa4 Rxa4 41. Kd3 Ra1 42. Nc2 Rd1+ 43. Ke2 Rg1 44. Nxd4 Rxg2+ 45. Kd3
Rxh2 46. Kc4 0-1

[Event "ZIMBABWE INTERNATIONAL CHESS OPEN 2016-MASTERS IM NORM SECTION"]
[Site "NEW AMBASSADOR HOTEL, Cnr Sam Nujoma Street, Kwameh Nkrumah Ave, Central Harare"]
[Date "2015.12.29"]
[Round "3"]
[Board "8"]
[White "Janyure, Farai"]
[Black "Abrantes, Persson"]
[Result "1-0"]
[WhiteElo "2020"]
[BlackElo "2051"]
[PlyCount "83"]
[EventDate "2015.12.28"]
[EventRounds "9"]
[EventCountry "ZIM"]

1. d4 Nf6 2. c4 e6 3. Nf3 d5 4. Bf4 c6 5. e3 Bb4+ 6. Nbd2 Nbd7 7. a3 Bxd2+ 8.
Nxd2 O-O 9. Bd3 dxc4 10. Nxc4 Nb6 11. Ne5 Nfd5 12. Bg3 f5 13. O-O g6 14. Rc1
Kg7 15. Bb1 Nf6 16. Bh4 Nbd5 17. Qf3 Qb6 18. Nc4 Qb3 19. Qe2 Qa4 20. Bg3 Qa6
21. Bd3 b5 22. Ne5 Bb7 23. Rc5 Qb6 24. Rfc1 Rfc8 25. e4 fxe4 26. Bxe4 Re8 27.
h4 Rac8 28. Bf3 Ne7 29. h5 Nf5 30. hxg6 Nxg3 31. fxg3 h6 32. g4 Qd8 33. Qe3 Nd5
34. Qd2 Rf8 35. g3 Rf6 36. Be4 Ne7 37. Kg2 Qd6 38. Rh1 Ng8 39. Nf7 Qe7 40. Nxh6
Rd8 41. Nxg8 Kxg8 42. Rch5 1-0

[Event "ZIMBABWE INTERNATIONAL CHESS OPEN 2016-M"]
[Site "NEW AMBASSADOR HOTEL, Cnr Sam "]
[Date "2015.12.29"]
[Round "4.1"]
[White "Bwalya, Gillan (ZAM)"]
[Black "Kayonde, Andrew (ZAM)"]
[Result "1-0"]
[WhiteElo "2313"]
[BlackElo "2361"]
[PlyCount "85"]
[EventDate "2015.12.28"]
[EventRounds "9"]
[EventCountry "ZIM"]

1. e4 d6 2. d4 Nf6 3. Nc3 g6 4. f3 c6 5. Be3 b5 6. g4 b4 7. Nce2 e6 8. Qd2 d5
9. g5 Nfd7 10. h4 Nb6 11. b3 a5 12. h5 Bg7 13. Rd1 Bb7 14. Nh3 N8d7 15. Nf2 Qe7
16. e5 c5 17. Ng4 c4 18. Nf6+ Kd8 19. Nf4 Rc8 20. Rh3 cxb3 21. axb3 a4 22. Qh2
axb3 23. cxb3 Kc7 24. Bd2 Nb8 25. Rc1+ Bc6 26. Nd3 Na6 27. Qe2 Kb8 28. Nc5 Nxc5
29. dxc5 Na8 30. Rh4 Bb7 31. c6 Rxc6 32. Rxc6 Bxc6 33. Bxb4 Qa7 34. Bd6+ Nc7
35. Rb4+ Kc8 36. Qc2 Bxf6 37. Qxc6 Bxe5 38. Ba6+ Kd8 39. Bc5 Qa8 40. Rb7 Qc8
41. Bd6 Bg3+ 42. Bxg3 e5 43. Qd6+ 1-0

[Event "ZIMBABWE INTERNATIONAL CHESS OPEN 2016-M"]
[Site "NEW AMBASSADOR HOTEL, Cnr Sam "]
[Date "2015.12.29"]
[Round "4.2"]
[White "Phiri, Richmond (ZAM)"]
[Black "Masango, Spencer (ZIM)"]
[Result "1-0"]
[WhiteElo "2249"]
[BlackElo "2148"]
[PlyCount "85"]
[EventDate "2015.12.28"]
[EventRounds "9"]
[EventCountry "ZIM"]

1. d4 Nf6 2. Nf3 e6 3. e3 b6 4. Bd3 Bb7 5. O-O Be7 6. c4 c5 7. Nc3 cxd4 8. exd4
d5 9. cxd5 Nxd5 10. Bb5+ Bc6 11. Qa4 Bxb5 12. Qxb5+ Qd7 13. Nxd5 exd5 14. Qb3
Nc6 15. Bd2 O-O 16. Rac1 Rac8 17. Rfe1 Bf6 18. Bc3 Rfe8 19. Qa4 Ne5 20. Qxd7
Nxd7 21. Rxe8+ Rxe8 22. Bd2 Nf8 23. Rc7 Ne6 24. Rxa7 Nxd4 25. Nxd4 Bxd4 26. b3
h6 27. Kf1 Rc8 28. Ke2 Re8+ 29. Kf3 Rd8 30. Ra4 Bf6 31. Ke2 Kf8 32. Kd3 Ke7 33.
Ra6 Rb8 34. a4 Rb7 35. b4 h5 36. h3 Kd7 37. Be3 b5 38. a5 Be7 39. Bd2 Bf6 40.
Ra8 Be5 41. f4 Rb8 42. Ra7+ Bc7 43. f5 1-0